دع القلق وأبدأ الحياة / (رقم التسجيلة. 123)

تفاصيل مارك
000 -الفاتح
عناصر البيانات ثابتة الطول 00658cam a2200181 i 4500
005 - تاريخ ووقت آخر معاملة
حقل ضبط 20251108163332.0
008 - عناصر البيانات ثابتة الطول
عناصر البيانات ثابتة الطول 250721q9999 ua gr 000 0 ara d
082 14 - رقم تصنيف ديوي العشري
رقم التصنيف 131.337
رقم المادة ك ا ر
100 1# - مدخل رئيسي – اسم شخصي
الاسم الشخصي كارينجي، ديل
علاقة الشخص بالعمل/ دوره مؤلف.
245 10 - بيان العنوان
العنوان دع القلق وأبدأ الحياة /
بيان المسؤولية تأليف ديل كارنيجى ؛ ترجمة محمد فكرى انور.
264 31 - بيانات النشر، التوزيع…إلخ
مكان النشر، التوزيع...إلخ القاهرة :
اسم الناشر، الموزع...إلخ مكتبة مدبولي،
تاريخ النشر، التوزيع...إلخ [بين 1990 و 1999].
300 ## - الوصف المادي
عدد الوحدات المكونة للوعاء 572 صفحة.
650 17 - مدخل إضافي بالموضوع - مصطلح موضوعي
مصطلح موضوعي أو اسم جغرافي كعنصر مدخل القلق.
650 17 - مدخل إضافي بالموضوع - مصطلح موضوعي
مصطلح موضوعي أو اسم جغرافي كعنصر مدخل الصحة النفسية.
700 1# - مدخل إضافي - اسم شخصي
الاسم الشخصي أنور، محمد فكري
علاقة الشخص بالعمل/ دوره مترجم.
942 ## - بيانات إضافية (كوها)
نوع التنصيف Dewey Decimal Classification
نوع المادة (كوها) كتب
المقتنيات
حالة السحب حالة الفقدان مصدر التصنيف حالة التلف غير قابل للإعارة المكتبة الرئيسية المكتبة الحالية موقع الرف تاريخ التزويد الرقم المتسلسل Total Checkouts رقم الإستدعاء الباركود تاريخ آخر ظهور تاريخ الفاتورة نوع المادة (كوها)
    Dewey Decimal Classification     المكتبة المركزية المكتبة المركزية الإعارة 12/07/2004 282351   131.337 / ك ا ر 282351 28/07/2025 12/07/2004 كتب
    Dewey Decimal Classification     مكتبة أم قصير والمقابلين العامة مكتبة أم قصير والمقابلين العامة الإعارة 12/07/2004 1634   131.337/كار DUP-04_1634 28/07/2025 12/07/2004 كتب
    Dewey Decimal Classification Unchecked   مكتبة أم قصير والمقابلين العامة مكتبة أم قصير والمقابلين العامة الإعارة 12/07/2004 4650   131.337/كار   28/07/2025 12/07/2004 كتب
    Dewey Decimal Classification Unchecked   مكتبة الأميرة ايمان العامة مكتبة الأميرة ايمان العامة الإعارة 28/07/2025 450453   131.337/كار   28/07/2025 28/07/2025 كتب
    Dewey Decimal Classification Unchecked   مكتبة الاميرة بديعة مكتبة الاميرة بديعة الإعارة 12/07/2004 450457   131.337/كار   28/07/2025 12/07/2004 كتب
    Dewey Decimal Classification Unchecked   مكتبة الجويدة مكتبة الجويدة الإعارة 28/07/2025 450458   131.337/كار   28/07/2025 28/07/2025 كتب
    Dewey Decimal Classification     مكتبة النصر العامة مكتبة النصر العامة الإعارة 28/07/2025 450454   131.337/كار 450454 28/07/2025 28/07/2025 كتب
    Dewey Decimal Classification Unchecked   مكتبة صويلح العامة مكتبة صويلح العامة الإعارة 12/07/2004 4841   131.337/كار   28/07/2025 12/07/2004 كتب
    Dewey Decimal Classification     مكتبة صويلح العامة مكتبة صويلح العامة الإعارة 12/07/2004 450455   131.337/كار 450455 28/07/2025 12/07/2004 كتب
    Dewey Decimal Classification Unchecked   مكتبة وادي السير العامة مكتبة وادي السير العامة الإعارة 12/07/2004 2688   131.337/كار   28/07/2025 12/07/2004 كتب
Implemented & Customized by: BBB with SCIT (Smart Chains for Information Technology)

Powered by Koha